000 00550nam a2200169 i 4500
001 20654
003 ES-MaACL
005 20230906152336.0
007 t|
008 021115s1972 sp ||||1| spa d
100 1 _aAcquaviva, Sabino Samuel.
_918332
245 1 3 _aEl eclipse de lo sagrado en la civilización industrial /
_cSabino S. Acquaviva ; [versión... por Juan Antonio Segarra].
260 _aBilbao :
_bMensajero,
_c[1972]
300 _a382 p. ;
_c22 cm.
700 1 _aSegarra, Juan Antonio.
_9105122
852 _aES-MaACL
_jC-42730
_bR.82193
999 _c20654
_d20654